000
00279nam a22001097a 4500
008
170110b xxu||||| |||| 00| 0 eng d
020
_a
9780803618343
041
_a
eng
080
_2
7TH
_a
618.2
245
_a
NURSING DIAGNOSIS IN PSYCHIATRIC NURSING
_c
TOWNSEND, M.C
942
_2
udc
_c
BK
999
_c
2639
_d
2639